[Event "FRA-ch op-C"]
[Site "Pau"]
[Date "2008.08.19"]
[Round "7"]
[White "Citterio, Jean Claude"]
[Black "Aguilera, Esteban"]
[Result "1/2-1/2"]
[WhiteElo "1776"]
[BlackElo "1680"]
[PlyCount "101"]
[EventDate "2008.08.11"]
[EventType "swiss"]
[EventRounds "9"]
[EventCountry "FRA"]
[SourceTitle "CBM 126 Extra"]
[Source "ChessBase"]
[SourceDate "2008.11.05"]
[SourceVersion "1"]
[SourceVersionDate "2008.11.05"]
[SourceQuality "1"]

1. e4 c5 2. Nf3 Nc6 3. d4 cxd4 4. Nxd4 Nf6 5. Nc3 e5 6. Nde2 Bc5 7. f3 Qb6 8. Qd2 Bf2+ 9. Kd1 a6 10. b3 0-0 11. Bb2 Rd8 12. Nd5 Nxd5 13. exd5 Be3 14. Qd3 Nb4 15. Qe4 Qc5 16. c4 a5 17. a3 Nc6 18. dxc6 dxc6+ 19. Kc2 f5 20. Qxe5 Rd2+ 21. Kb1 Rxb2+ 22. Qxb2 f4 23. Ka2 a4 24. Rd1 Be6 25. Nd4 Bxd4 26. Rxd4 axb3+ 27. Kxb3 b5 28. Ka2 b4 29. Be2 Rxa3+ 30. Kb1 Bf5+ 31. Re4 Qe3 32. Bd1 Bxe4+ 33. fxe4 Qxe4+ 34. Bc2 Qxc4 35. Rd1 Re3 36. Rd8+ Kf7 37. Rd7+ Ke8 38. Rd1 Re2 39. Rc1 Kf8 40. Qa1 h6 41. Qa8+ Ke7 42. Qb7+ Kf6 43. Qd7 Qe6 44. Qd4+ Qe5 45. Qxb4 Qb5 46. Qxb5 cxb5 47. Rf1 Kg5 48. h4+ Kxh4 49. Rxf4+ Kg3 50. Rf7 Rxg2 51. Rxg7+ 1/2-1/2

[Event "FRA-ch op-C"]
[Site "Pau"]
[Date "2008.08.15"]
[Round "4"]
[White "Aguilera, Esteban"]
[Black "Teyssier, Jean Paul"]
[Result "1-0"]
[WhiteElo "1680"]
[BlackElo "1725"]
[PlyCount "71"]
[EventDate "2008.08.11"]
[EventType "swiss"]
[EventRounds "9"]
[EventCountry "FRA"]
[SourceTitle "CBM 126 Extra"]
[Source "ChessBase"]
[SourceDate "2008.11.05"]
[SourceVersion "1"]
[SourceVersionDate "2008.11.05"]
[SourceQuality "1"]

1. Nf3 Nf6 2. c4 e6 3. Nc3 b6 4. g3 Bb7 5. Bg2 c5 6. 0-0 Be7 7. Re1 d6 8. e4 Nbd7 9. d4 cxd4 10. Nxd4 Rc8 11. e5 Bxg2 12. exf6 Bxf6 13. Kxg2 Rxc4 14. Nxe6 fxe6 15. Rxe6+ Kf7 16. Rxd6 Qa8+ 17. Qd5+ Qxd5+ 18. Nxd5 Nc5 19. Nxf6 gxf6 20. Be3 Re8 21. Rc1 Rxc1 22. Bxc1 Re6 23. Rd8 a5 24. Be3 Re8 25. Rxe8 Kxe8 26. Bxc5 bxc5 27. Kf3 Kf7 28. Ke4 Ke6 29. g4 a4 30. b3 axb3 31. axb3 Kd6 32. Kf5 Kd5 33. Kxf6 Kd4 34. Kg7 Kc3 35. Kxh7 Kxb3 36. g5 1-0

[Event "FRA-ch op-C"]
[Site "Pau"]
[Date "2008.08.14"]
[Round "3"]
[White "Bouzetine, Frederic"]
[Black "Aguilera, Esteban"]
[Result "0-1"]
[WhiteElo "1760"]
[BlackElo "1680"]
[PlyCount "40"]
[EventDate "2008.08.11"]
[EventType "swiss"]
[EventRounds "9"]
[EventCountry "FRA"]
[SourceTitle "CBM 126 Extra"]
[Source "ChessBase"]
[SourceDate "2008.11.05"]
[SourceVersion "1"]
[SourceVersionDate "2008.11.05"]
[SourceQuality "1"]

1. e4 c5 2. Nf3 Nc6 3. d4 cxd4 4. Nxd4 Nf6 5. Nc3 e5 6. Ndb5 d6 7. Bg5 a6 8. Na3 b5 9. Bxf6 gxf6 10. Nd5 f5 11. exf5 Bxf5 12. g4 Be6 13. Bg2 Rc8 14. c3 Bg7 15. Be4 Qh4 16. h3 f5 17. Bxf5 Bxf5 18. gxf5 Qe4+ 19. Qe2 Qxh1+ 20. Kd2 Qxd5+ 0-1